|
|
|
|
| LEADER |
01469nam a2200277 a 4500 |
| 001 |
32132 |
| 003 |
BD-DhAAL |
| 005 |
20171005151551.0 |
| 008 |
171003s1999 bg ||||| |||| 00| 0 ben d |
| 999 |
|
|
|c 38351
|d 38351
|
| 020 |
|
|
|a 9847018700109
|
| 040 |
|
|
|a BD-DhAAL
|
| 082 |
|
|
|2 23
|a 954.9205092
|
| 245 |
|
|
|a রক্তমাখা বুক জুড়ে স্বদেশের ছবি /
|c সম্পাদনা পরিষদ সন্তোষ, আবু সাইয়িদ ও মোনায়েম সরকার
|
| 260 |
|
|
|a ঢাকা :
|b বঙ্গবন্ধু পরিষদ ;
|c ১৯৯৯
|
| 300 |
|
|
|a ৮৭ পৃষ্ঠা ;
|c ২২ সে.মি.
|
| 526 |
|
|
|a AAL
|
| 541 |
|
|
|e 32132 & 32133
|
| 600 |
|
|
|a Sheikh, Mujibur Rahman
|d 1920-1975
|9 22402
|
| 651 |
|
|
|a Bangladesh
|x Politics and government.
|y 1971
|9 22403
|
| 700 |
|
|
|a সন্তোষ, পরিষদ
|9 22409
|
| 700 |
|
|
|a সাইয়িদ, আবু
|9 22410
|
| 700 |
|
|
|a সরকার, মোনায়েম
|9 22411
|
| 942 |
|
|
|2 ddc
|c BK
|
| 952 |
|
|
|0 0
|1 0
|2 ddc
|4 0
|6 954_920509200000000_RAK
|7 0
|9 61367
|a BRACUL
|b BRACUL
|c BNC
|d 2017-09-27
|e Development Book Agency
|g 59.50
|l 1
|m 3
|o 954.9205092 RAK
|p 3010032132
|r 2019-10-26
|s 2019-09-27
|t 1
|v 70.00
|w 2017-09-27
|y BK
|
| 952 |
|
|
|0 0
|1 0
|2 ddc
|4 0
|6 954_920509200000000_RAK
|7 0
|9 61501
|a BRACUL
|b BRACUL
|c BNC
|d 2017-09-27
|e Development Book Agency
|g 59.50
|l 1
|o 954.9205092 RAK
|p 3010032133
|r 2017-12-06
|s 2017-11-26
|t 2
|v 70.00
|w 2017-09-27
|y BK
|